[Event "Pula op 36th"]
[Site "Pula"]
[Date "2024.06.21"]
[Round "6"]
[White "Fridman, Anatoly"]
[Black "Kopinits, Anna Christina"]
[Result "1-0"]
[WhiteElo "1910"]
[BlackElo "2157"]
[PlyCount "87"]
[EventDate "2024.06.16"]
[EventType "swiss"]
[EventRounds "9"]
[EventCountry "CRO"]
[SourceTitle "CBM 220 Extra"]
[Source "ChessBase"]
[SourceDate "2024.07.31"]
[SourceVersion "1"]
[SourceVersionDate "2024.07.31"]
[SourceQuality "1"]

1. d4 d5 2. Nf3 Nf6 3. c4 c6 4. Nc3 dxc4 5. a4 Bf5 6. Ne5 Nbd7 7. Nxc4 Nb6 8. Ne5 Nfd7 9. Nxd7 Qxd7 10. e4 Bg6 11. a5 Nc8 12. Be2 e6 13. Be3 Bd6 14. 0-0 0-0 15. f4 Ne7 16. Qb3 Kh8 17. Rad1 f5 18. e5 Bc7 19. Na4 b6 20. a6 Nd5 21. Bd2 Be8 22. Nc3 Rg8 23. Bc1 b5 24. Nxd5 cxd5 25. Be3 Rb8 26. Rc1 Rb6 27. Rc5 Bd8 28. Qc2 Qe7 29. Ra1 Rb8 30. Qd2 Bb6 31. Rc2 Bd7 32. Rac1 b4 33. b3 h6 34. Bf1 Rgc8 35. Rxc8+ Rxc8 36. Rxc8+ Bxc8 37. Bb5 Ba5 38. Qc2 Qc7 39. Qc5 Qxc5 40. dxc5 g5 41. c6 gxf4 42. Bxa7 Kg7 43. Bc5 Bxa6 44. Bxa6 1-0

[Event "Pula op 34th"]
[Site "Pula"]
[Date "2022.06.19"]
[Round "2"]
[White "Kopinits, Anna Christina"]
[Black "Marjanovic, Annamaria"]
[Result "1-0"]
[WhiteElo "2139"]
[BlackElo "2353"]
[PlyCount "117"]
[EventDate "2022.06.18"]
[EventType "swiss"]
[EventRounds "9"]
[EventCountry "CRO"]
[SourceTitle "CBM 209 Extra"]
[Source "ChessBase"]
[SourceDate "2022.09.30"]
[SourceVersion "1"]
[SourceVersionDate "2022.09.30"]
[SourceQuality "1"]

1. e4 e6 2. d4 d5 3. Nd2 c5 4. exd5 Qxd5 5. Ngf3 cxd4 6. Bc4 Qd6 7. 0-0 Nf6 8. Nb3 Nc6 9. Nbxd4 Nxd4 10. Nxd4 a6 11. Bb3 Qc7 12. Qf3 Bd6 13. Kh1 0-0 14. Bg5 Nd7 15. c3 Ne5 16. Qh5 Ng6 17. Bc2 Bf4 18. Bxf4 Qxf4 19. Nf3 Qf6 20. Rad1 b5 21. Be4 Ra7 22. Qc5 Qe7 23. Qxe7 Rxe7 24. Nd4 Rc7 25. g3 Ne5 26. Ne2 Bd7 27. Rd4 f5 28. Bg2 Kf7 29. Rfd1 Ke7 30. h4 Rb8 31. Nf4 Nc4 32. Re1 Kf7 33. b3 Nb6 34. Rd6 Rxc3 35. Nxe6 h6 36. Nf4 Be8 37. h5 Rc7 38. Ng6 a5 39. Rxb6 Rxb6 40. Bd5+ Kf6 41. Rxe8 Kg5 42. Nf4 Rd7 43. Kg2 Rbd6 44. Bf3 Kf6 45. Rf8+ Ke5 46. Rb8 b4 47. Rb5+ Kd4 48. Rxa5 Kc3 49. Nd5+ Kb2 50. Nxb4 Rd4 51. Nd5 Rd8 52. b4 Rc8 53. Rc5 Rb8 54. a4 Rd2 55. a5 Kb3 56. a6 Ra8 57. b5 Ka3 58. Nb6 Ra7 59. Nc8 1-0

[Event "AUT-chT (Women) 2122"]
[Site "Austria"]
[Date "2022.03.26"]
[Round "6.1"]
[White "Kopinits, Anna Christina"]
[Black "Heinemann, Josefine"]
[Result "1-0"]
[WhiteElo "2137"]
[BlackElo "2290"]
[PlyCount "59"]
[EventDate "2021.11.06"]
[EventType "team-tourn"]
[EventRounds "9"]
[EventCountry "AUT"]
[SourceTitle "EXT 2023"]
[Source "ChessBase"]
[SourceDate "2022.10.05"]
[SourceVersion "1"]
[SourceVersionDate "2022.10.05"]
[SourceQuality "1"]
[WhiteTeam "St Veit/Glan (W)"]
[BlackTeam "Baden (W)"]
[WhiteTeamCountry "AUT"]
[BlackTeamCountry "AUT"]

1. d4 Nf6 2. Nf3 d5 3. Bf4 c5 4. c3 Nc6 5. Nbd2 cxd4 6. cxd4 Qb6 7. Qb3 Nxd4 8. Nxd4 Qxd4 9. e3 Qb6 10. Bb5+ Bd7 11. Bxd7+ Kxd7 12. Rc1 Qxb3 13. Rc7+ Kd8 14. Nxb3 Nd7 15. Rxb7 e5 16. Bg3 h5 17. f4 Kc8 18. Rb5 Nb6 19. fxe5 h4 20. Bf2 Rh6 21. e4 dxe4 22. 0-0 Kb7 23. Be3 Rc6 24. a4 Re6 25. Bc5 Kc7 26. Rxf7+ Nd7 27. Bxf8 Rxf8 28. Rxd7+ Kxd7 29. Nc5+ Ke7 30. Rb7+ 1-0

[Event "AUT-chT2M 2021"]
[Site "Graz"]
[Date "2021.03.13"]
[Round "3.1"]
[White "Kopinits, Anna Christina"]
[Black "Csonka, Attila Istvan"]
[Result "0-1"]
[WhiteElo "2198"]
[BlackElo "2362"]
[PlyCount "84"]
[EventDate "2021.03.12"]
[EventType "team-tourn"]
[EventRounds "5"]
[EventCountry "AUT"]
[SourceTitle "CBM 201 Extra"]
[Source "ChessBase"]
[SourceDate "2021.05.31"]
[SourceVersion "1"]
[SourceVersionDate "2021.05.31"]
[SourceQuality "1"]
[WhiteTeam "St Veit"]
[BlackTeam "Fuerstenfeld/Hartberg"]
[WhiteTeamCountry "AUT"]
[BlackTeamCountry "AUT"]

1. e4 c5 2. Nf3 e6 3. d4 cxd4 4. Nxd4 Nc6 5. Nc3 Qc7 6. Be2 a6 7. 0-0 Nf6 8. Kh1 b5 9. Nxc6 dxc6 10. f4 b4 11. e5 bxc3 12. exf6 gxf6 13. Qe1 Qa5 14. bxc3 Bd7 15. Bd2 Qc7 16. c4 c5 17. Ba5 Qc8 18. Qh4 Bg7 19. Rad1 f5 20. Rf3 0-0 21. Rg3 f6 22. Qh6 Rf7 23. Bh5 Kh8 24. Rxg7 Rxg7 25. Qxf6 Qf8 26. Qe5 Bc6 27. Bf3 Bxf3 28. gxf3 h6 29. Qxe6 Kh7 30. Rd6 Rb8 31. Qxh6+ Kg8 32. Bb6 Qe7 33. Rg6 Qe1+ 34. Kg2 Rbb7 35. Rg5 Rbe7 36. Kh3 Qf1+ 37. Kg3 Rxg5+ 38. fxg5 Qe1+ 39. Kg2 Re2+ 40. Kh3 Qf1+ 41. Kg3 Qf2+ 42. Kf4 Re4+ 0-1

[Event "AUT-chT (Women)"]
[Site "Austria"]
[Date "2021.01.23"]
[Round "2.2"]
[White "Kopinits, Anna Christina"]
[Black "Heinemann, Josefine"]
[Result "1/2-1/2"]
[WhiteElo "2204"]
[BlackElo "2302"]
[PlyCount "62"]
[EventDate "2021.01.22"]
[EventType "team-tourn"]
[EventRounds "3"]
[EventCountry "AUT"]
[SourceTitle "CBM 200 Extra"]
[Source "ChessBase"]
[SourceDate "2021.03.31"]
[SourceVersion "1"]
[SourceVersionDate "2021.03.31"]
[SourceQuality "1"]
[WhiteTeam "St Veit/Glan (W)"]
[BlackTeam "Baden (W)"]
[WhiteTeamCountry "AUT"]
[BlackTeamCountry "AUT"]

1. d4 Nf6 2. c3 d5 3. Bf4 e6 4. e3 Bd6 5. Bg3 0-0 6. Nd2 c5 7. Ngf3 b6 8. Ne5 Bb7 9. Bh4 Be7 10. Bxf6 Bxf6 11. Bd3 Nc6 12. Nxc6 Bxc6 13. f4 g6 14. g4 cxd4 15. cxd4 Bg7 16. g5 h5 17. 0-0 Qd6 18. Rc1 Bd7 19. Nf3 Rfc8 20. Qd2 a5 21. Rxc8+ Rxc8 22. Ne5 Be8 23. Rc1 Qd8 24. h4 Bf8 25. a3 Bd6 26. Rc3 Rxc3 27. Qxc3 Qc7 28. Qxc7 Bxc7 29. Bc2 Kf8 30. Kf2 Ke7 31. Ke2 Bb5+ 1/2-1/2

[Event "AUT-ch Zwisch Internet"]
[Site "Playchess.com INT"]
[Date "2020.05.02"]
[Round "10"]
[White "Kopinits, Anna Christina"]
[Black "Wagner, Leopold Franziskus"]
[Result "1-0"]
[WhiteElo "2204"]
[BlackElo "2168"]
[PlyCount "181"]
[EventDate "2020.05.02"]
[EventType "swiss (blitz)"]
[EventRounds "13"]
[EventCountry "AUT"]
[SourceTitle "CBM 195 Extra"]
[Source "ChessBase"]
[SourceDate "2020.05.31"]
[SourceVersion "1"]
[SourceVersionDate "2020.05.31"]
[SourceQuality "1"]

1. d4 Nf6 2. Bf4 e6 3. e3 Be7 4. Bd3 0-0 5. Nd2 d5 6. c3 b6 7. Ngf3 Bb7 8. Ne5 Nbd7 9. Qf3 c5 10. 0-0 cxd4 11. exd4 g6 12. Bh6 Re8 13. Rfe1 Nxe5 14. Rxe5 Bd6 15. Re3 Bf8 16. Bxf8 Rxf8 17. Rae1 a5 18. Qf4 Nh5 19. Qh6 Qf6 20. g3 Qg7 21. Qg5 h6 22. Qg4 Nf6 23. Qf4 Rac8 24. Nf3 Nd7 25. h4 Nf6 26. Kg2 Ne4 27. Ne5 f6 28. Nf3 Rce8 29. Bxe4 dxe4 30. Nd2 f5 31. Kh2 g5 32. Qd6 Kh7 33. hxg5 hxg5 34. Kg2 f4 35. Rh1+ Kg8 36. Rxe4 fxg3 37. Kxg3 Bxe4 38. Nxe4 Qf7 39. Qe5 Qf3+ 40. Kh2 Rf4 41. Qxg5+ Kf8 42. Qh6+ Ke7 43. Qg7+ Kd8 44. Qg5+ Kc8 45. Nd6+ Kd7 46. Nxe8 Qxf2+ 47. Kh3 Qf3+ 48. Kh2 Kxe8 49. Rg1 Qf2+ 50. Kh3 Rf3+ 51. Rg3 Rxg3+ 52. Qxg3 Qxb2 53. Kg4 Qxa2 54. Kg5 Qd5+ 55. Kg6 Qf5+ 56. Kg7 Qf7+ 57. Kh8 Qf6+ 58. Kh7 Qe7+ 59. Kg6 Qf7+ 60. Kh6 Kd7 61. Qb8 Kc6 62. Qc8+ Kb5 63. c4+ Kb4 64. c5 bxc5 65. dxc5 Qf4+ 66. Kg6 Qe4+ 67. Kf7 a4 68. c6 a3 69. Qb8+ Kc5 70. c7 Qf4+ 71. Kxe6 Qg4+ 72. Ke7 Qg5+ 73. Kd7 Qf5+ 74. Kd8 Qf8+ 75. Kd7 Qf7+ 76. Kc8 Qe8+ 77. Kb7 Qb5+ 78. Ka7 Qa5+ 79. Kb7 Qb5+ 80. Ka8 Qa6+ 81. Qa7+ Qxa7+ 82. Kxa7 a2 83. c8Q+ Kb4 84. Qc1 Kb3 85. Qa1 Ka3 86. Ka6 Kb3 87. Ka5 Ka3 88. Kb5 Kb3 89. Kc5 Ka3 90. Kc4 Ka4 91. Qxa2# 1-0